[Event "ch-Frankfurt A"]
[White "Nabuuma, Rakhshanah"]
[Black "Sonntag, Chris"]
[Site "Frankfurt"]
[Result "0-1"]
[Round "5.31"]
[WhiteElo "1680"]
[BlackElo "1285"]
[PlyCount "300"]
[Date "2024.06.03"]
[Time "18:30:00"]
[WhiteTeam "vereinslos"]
[BlackTeam "SK 1959 Bischofsheim"]

1. d4 Nf6 2. Bf4 d6 3. Nf3 g6 4. Nc3 Bg7 5. Qd2 Bf5 6. Bh6 O-O 7. h3 c5 8. dxc5 dxc5 
9. Qxd8 Rxd8 10. Bxg7 Kxg7 11. Nb5 Nc6 12. c3 a6 13. Na3 b5 14. e3 c4 15. Rc1 Nd7 
16. Be2 Nde5 17. O-O Bd3 18. Bxd3 Nxf3+ 19. gxf3 Rxd3 20. Nc2 e5 21. Ne1 Rd2 22. 
Rc2 Rad8 23. b3 Na5 24. b4 Nc6 25. a3 Rxc2 26. Nxc2 Rd2 27. Rc1 Ne7 28. Kf1 Nd5 
29. Ne1 Ra2 30. e4 Nf4 31. Nc2 Nd3 32. Ke2 Nxc1+ 33. Kd2 Nd3  0-1

[Event "ch-Frankfurt A"]
[White "Wilczek, Jan-Philipp"]
[Black "Münstermann, Matthias"]
[Site "Frankfurt"]
[Result "0-1"]
[Round "5.32"]
[WhiteElo "1455"]
[BlackElo "1787"]
[PlyCount "300"]
[Date "2024.06.03"]
[Time "18:30:00"]
[WhiteTeam "SAbt TuS Makkabi Ffm"]
[BlackTeam "SK Langen"]

1. e4 c5 2. Nf3 Nc6 3. Bc4 e6 4. Nc3 Na5 5. Bb3 Nxb3 6. axb3 d5 7. exd5 exd5 8. O-O 
Nf6 9. d3 Be7 10. Re1 O-O 11. Bf4 a6 12. Ne2 Nh5 13. Bd2 Bd6 14. Ng3 Nxg3 15. fxg3 
Bg4 16. c4 d4 17. Bf4 f6 18. Bxd6 Qxd6 19. Qe2 Qd7 20. Qe7 Rae8 21. Qxd7 Bxd7 22. 
Kf2 Bf5 23. Rad1 Kf7 24. Nh4 Rxe1 25. Kxe1 Re8+ 26. Kf2 Bg4 27. Rd2 g5 28. h3 gxh4 
29. hxg4 hxg3+ 30. Kxg3 Re3+ 31. Kf4 Kg6 32. g3 b6 33. Rd1 Re2 34. Rb1 Rf2+ 35. 
Ke4 Kg5 36. Kd5 Re2 37. Kc6 Re6+ 38. Kd5 Re3 39. Rd1 Kxg4 40. Kc6 Re6+ 41. Kd5 Re5+ 
42. Kc6 h5 43. Kxb6 Kxg3 44. Rg1+ Kf2 45. Rh1 Kg2 46. Rh4 Kg3 47. Rh1 h4 48. b4 
h3 49. bxc5 h2 50. c6 Kg2 51. Rxh2+ Kxh2 52. c7 Re8 53. Kb7 f5 54. c8Q Rxc8 55. 
Kxc8 f4 56. c5 f3 57. c6 f2 58. c7 f1Q 59. Kb7 Qf3+ 60. Kb8 Qf4 61. Kb7 Qf7 62. 
Kb8 Qb3+ 63. Ka8 Qc2 64. Kb8 Qxb2+ 65. Ka7 Qc3 66. Kb8 Qxc7+  0-1

[Event "ch-Frankfurt A"]
[White "Ackermann, Robert"]
[Black "Mayer, Rolf"]
[Site "Frankfurt"]
[Result "1-0"]
[Round "5.33"]
[WhiteElo "1812"]
[BlackElo "1743"]
[PlyCount "300"]
[Date "2024.06.03"]
[Time "18:30:00"]
[WhiteTeam "SC Bad Soden"]
[BlackTeam "SC Flörsheim 1921"]

1. c4 e6 2. g3 d5 3. Bg2 Nf6 4. Nf3 Be7 5. Nc3 c6 6. e3 dxc4 7. a4 O-O 8. O-O a5 
9. Ne5 Na6 10. Nxc4 Nb4 11. d4 Rb8 12. e4 b6 13. Re1 Ba6 14. b3 h6 15. Be3 Nd7 16. 
Qd2 c5 17. d5 exd5 18. exd5 Bb7 19. Bf4 Bg5 20. Bxg5 hxg5 21. Rad1 Na6 22. Re2 Nc7 
23. Rde1 Ba6 24. Re7 Bxc4 25. bxc4 Re8 26. Qxg5 Rxe7 27. Qxe7 Nf6 28. Bh3 Nce8 29. 
Nb5 Qxe7 30. Rxe7 Kf8 31. Re2 Rd8 32. f3 Nd6 33. Nxd6 Rxd6 34. Kf2 Nd7 35. Bxd7 
Rxd7 36. f4 Re7 37. Rxe7 Kxe7 38. Kf3 Kd6 39. g4 f6 40. Ke4 g6 41. h4 Ke7 42. f5 
Kf7 43. fxg6+ Kxg6 44. d6 Kf7 45. Kd5 b5 46. cxb5 c4 47. Kxc4  1-0

[Event "ch-Frankfurt A"]
[White "Börsch, Dieter"]
[Black "Kluge, Joscha"]
[Site "Frankfurt"]
[Result "1/2-1/2"]
[Round "5.34"]
[WhiteElo "1764"]
[BlackElo "1704"]
[PlyCount "300"]
[Date "2024.06.03"]
[Time "18:30:00"]
[WhiteTeam "SK Bad Homburg 1927"]
[BlackTeam "SC Bergen-Enkheim 1922"]

1. d4 d6 2. c4 Nf6 3. Nc3 g6 4. e4 Bg7 5. Nf3 O-O 6. Be2 Nc6 7. d5 Nb8 8. O-O e5 
9. dxe6 Bxe6 10. Nd4 Bd7 11. Be3 Nc6 12. Qd2 Qe7 13. f3 Rae8 14. Ndb5 Be6 15. Rfd1 
a6 16. Nd4 Ne5 17. Nd5 Nxd5 18. cxd5 Bd7 19. Rac1 c6 20. dxc6 Nxc6 21. Nxc6 Bxc6 
22. Bd4 Bxd4+ 23. Qxd4 d5 24. exd5 Bxd5 25. Bc4 Bxc4 26. Qxc4 Qe6 27. Qxe6 Rxe6 
28. Rc7 b5 29. Kf2 Rfe8 30. Rd2 Kg7 31. a3 Kf6  1/2-1/2

[Event "ch-Frankfurt A"]
[White "Grinberg, Igor"]
[Black "Landvoigt, Martin"]
[Site "Frankfurt"]
[Result "1-0"]
[Round "5.35"]
[WhiteElo "1600"]
[BlackElo "1593"]
[PlyCount "300"]
[Date "2024.06.03"]
[Time "18:30:00"]
[WhiteTeam "SAbt TuS Makkabi Ffm"]
[BlackTeam "vereinslos"]

1. d4 d5 2. Nf3 e6 3. Bf4 Bd6 4. Bxd6 Qxd6 5. e3 f5 6. c3 Nf6 7. Nbd2 O-O 8. Ne5 
Nbd7 9. Ndf3 Ne4 10. Be2 c5 11. Nxd7 Bxd7 12. O-O c4 13. Ne5 b5 14. a3 Be8 15. f3 
Nf6 16. f4 Ne4 17. Bf3 Nf6 18. g4 Nd7 19. Nxd7 Bxd7 20. g5 g6 21. h4 Be8 22. h5 
a5 23. Kf2 Rb8 24. hxg6 Bxg6 25. Bh5 Rb7 26. Bxg6 hxg6 27. Rh1 Rff7 28. Rh6 e5 29. 
dxe5 Qe6 30. Qd4 Rh7 31. Rah1 Rbc7 32. Rxh7 Rxh7 33. Rxh7 Kxh7 34. Qa7+ Kg8 35. 
Qxa5 Qc6 36. Qd8+ Kf7 37. Qf6+ Qxf6 38. exf6 Ke6 39. Ke2 Kd6 40. Kd2 Ke6 41. Kc2 
Kd6 42. Kb1 Ke6 43. Ka2 Kd6 44. a4 bxa4 45. Ka3 Ke6 46. Kxa4 Kd6 47. Kb5  1-0

[Event "ch-Frankfurt A"]
[White "Teichmann, Martin"]
[Black "Rauscher, Joachim"]
[Site "Frankfurt"]
[Result "0-1"]
[Round "5.36"]
[WhiteElo "1329"]
[BlackElo "1798"]
[PlyCount "300"]
[Date "2024.06.03"]
[Time "18:30:00"]
[WhiteTeam "SC 1922 Ketsch"]
[BlackTeam "SC Brett vorm Kopp Ffm"]

1. e4 c5 2. Nf3 d6 3. Bc4 Nc6 4. Nc3 Nf6 5. h3 g6 6. O-O Bg7 7. d4 cxd4 8. Nxd4 O-O 
9. Nf3 a6 10. Bg5 b5 11. Bb3 b4 12. Nd5 Nxe4 13. Rb1 Nxg5 14. Nxg5 e6 15. Ba4 Bb7 
16. Bxc6 Bxc6 17. Nxb4 Bxg2 18. Nxe6 fxe6 19. Kxg2 Qb6 20. Nd3 Qb7+ 21. Kg1 Rf3 
22. Qe2 e5 23. Nb4 Rxh3 24. Qc4+ Kh8 25. Qd5 Qxd5 26. Nxd5 Rc8 27. Kg2 Rh5 28. c3 
Rg5+ 29. Kh3 Rh5+ 30. Kg2 Rc5 31. Rbd1 e4 32. c4 Rxc4 33. Nf4 Rg5+ 34. Kh3 Be5 35. 
Ne2 Rh5+ 36. Kg4 Rf5 37. b3 Rc2 38. Nd4 Rf4+ 39. Kg5 Rcxf2 40. Rxf2 Rxf2 41. Ne6 
Rf5+ 42. Kh4 Rf6 43. Ng5 e3 44. Rc1 d5 45. Rc8+ Kg7 46. Re8 Rf5 47. Re7+ Kg8 48. 
Nxh7 e2 49. Nf6+ Bxf6+ 50. Kg4 Bxe7 51. Kh3 e1Q 52. a4 Bd6 53. Kg2 Qg3+ 54. Kh1 
Qh2#  0-1

[Event "ch-Frankfurt A"]
[White "Stulken, Dietmar"]
[Black "Wundram, Til"]
[Site "Frankfurt"]
[Result "1-0"]
[Round "5.37"]
[WhiteElo "1306"]
[BlackElo "1557"]
[PlyCount "300"]
[Date "2024.06.03"]
[Time "18:30:00"]
[WhiteTeam "SF Frankfurt 1921"]
[BlackTeam "vereinslos"]

1. d4 d5 2. c4 c6 3. Nf3 g6 4. Nc3 Bg7 5. e3 Nf6 6. Bd3 O-O 7. O-O Nbd7 8. cxd5 cxd5 
9. e4 dxe4 10. Nxe4 b6 11. Nc3 a6 12. Re1 Bb7 13. h3 Rc8 14. Be3 Nh5 15. Be2 f5 
16. Ng5 Rf6 17. Bxh5 gxh5 18. Qxh5 Rh6 19. Qf7+ Kh8 20. Ne6 Qg8 21. Qxg8+ Kxg8 22. 
Bxh6 Bxh6 23. g3 Kf7 24. f4 Nf6 25. Ng5+ Ke8 26. Re6 b5 27. Rae1 Bxg5 28. Rxe7+ 
Kd8 29. fxg5 Ne4 30. Nxe4 fxe4 31. Rxh7  1-0

[Event "ch-Frankfurt A"]
[White "Hofmann-Weippert, Matthias"]
[Black "Shanmuganathan, Adhav"]
[Site "Frankfurt"]
[Result "1-0"]
[Round "5.38"]
[WhiteElo "1526"]
[BlackElo "1571"]
[PlyCount "300"]
[Date "2024.06.03"]
[Time "18:30:00"]
[WhiteTeam "Sfr.Mainz 1928"]
[BlackTeam "SV 1934 Ffm-Griesheim"]

1. d4 d5 2. c4 e6 3. Nf3 Nf6 4. Nc3 c5 5. e3 Nc6 6. Be2 dxc4 7. Bxc4 cxd4 8. exd4 
Bb4 9. O-O O-O 10. a3 Be7 11. Bf4 Nd5 12. Bg3 Bf6 13. Ne4 Be7 14. Qe2 f5 15. Nc5 
Nxd4 16. Nxd4 Bxc5 17. Nxe6 Bxe6 18. Qxe6+ Kh8 19. Qxd5 Be7 20. Be5 Qb6 21. Bc3 
Bc5 22. Qd7 Qh6 23. Qxb7 Rab8 24. Qf3 Bd6 25. h3 Rbd8 26. Rad1 Rc8 27. Bd3 Rc5 28. 
Bb1 Rc7 29. Rd5 Rcf7 30. Rfd1 Bc7 31. Rd7 Rxd7 32. Rxd7 Qc1+ 33. Qd1 Qxd1+ 34. Rxd1 
h6 35. Rd7  1-0

[Event "ch-Frankfurt A"]
[White "Manasek, Martin"]
[Black "Vollbracht, Henrik, Dr."]
[Site "Frankfurt"]
[Result "1/2-1/2"]
[Round "5.39"]
[WhiteElo "1677"]
[BlackElo "1693"]
[PlyCount "300"]
[Date "2024.06.03"]
[Time "18:30:00"]
[WhiteTeam "SC Flörsheim 1921"]
[BlackTeam "Sabt Frankfurter TV 1860"]

1. d4 Nf6 2. c4 c5 3. e3 cxd4 4. exd4 d5 5. Nf3 e6 6. Bd3 Be7 7. O-O O-O 8. Nc3 Nc6 
9. Re1 dxc4 10. Bxc4 Nb4 11. a3 Nbd5 12. Ne2 b6 13. Ng3 Bb7 14. Bg5 Rc8 15. Bb3 
Re8 16. Ne5 b5 17. a4 b4 18. a5 h6 19. Bd2 Bd6 20. a6 Ba8 21. Qe2 Qb6 22. Qd3 Bxe5 
23. dxe5 Nd7 24. Qe2 Nc5 25. Bc2 Qc6 26. Qg4 Ne7 27. Be4 Nxe4 28. Nxe4 Kh7 29. Nd6 
Ng6 30. Nxe8 Rxe8 31. Bxb4 Nf4 32. f3 Qb6+ 33. Kh1 Nd3 34. Re2 Nf2+ 35. Rxf2 Qxf2 
36. Bc3 Rd8 37. h4 Qe2 38. Re1 Rd1 39. Rxd1 Qxd1+ 40. Kh2 Qd3 41. Qf4 Qxa6 42. Qxf7 
Bd5 43. h5 Qa4 44. Qg6+ Kg8 45. Qg3  1/2-1/2

[Event "ch-Frankfurt A"]
[White "Bartsch, Marius, Dr."]
[Black "Hafner, Hans-Peter"]
[Site "Frankfurt"]
[Result "1-0"]
[Round "5.40"]
[WhiteElo "1750"]
[BlackElo "1494"]
[PlyCount "300"]
[Date "2024.06.03"]
[Time "18:30:00"]
[WhiteTeam "Wiesbadener SV 1885"]
[BlackTeam "Sfr.Mainz 1928"]

1. e4 c6 2. d3 d5 3. Nd2 dxe4 4. dxe4 e5 5. Ngf3 Bd6 6. Nc4 Bb4+ 7. Bd2 Bxd2+ 8. 
Ncxd2 Bg4 9. h3 Bxf3 10. Qxf3 Nf6 11. O-O-O O-O 12. Kb1 Nbd7 13. Nc4 Qe7 14. Bd3 
b5 15. Ne3 a5 16. g4 h6 17. h4 b4 18. g5 hxg5 19. hxg5 Nh7 20. Qh5 f6 21. g6 Rfb8 
22. Qxh7+ Kf8 23. Nf5  1-0